Modern general topology

Saved in:
Bibliographic Details
Main Author: Nagata, Jun-iti 1925-
Format: Book
Language:English
Published: Amsterdam : New York : New York, NY, U.S.A. : North-Holland, Sole distributors for the U.S.A. and Canada, Elsevier Science Pub. Co., 1985
Edition:2nd rev. ed
Series:North-Holland mathematical library ; ; 33
Subjects:
Tags: Add Tag
No Tags, Be the first to tag this record!

MARC

LEADER 00000cam a2200000 i 4500
001 1/33746
008 941103s1985 eng d
020 |a 0444876553 
035 |l 10039452 
035 |a 1993  |c ΚΕΡΕΜΙΔΗΣ 
040 |a GR-MY-UA  |b gre  |e aacr 
041 0 |a eng 
082 0 |a 514.322  |2 (19) 
100 1 |a Nagata, Jun-iti  |d 1925- 
245 1 0 |a Modern general topology /  |c Jun-iti Nagata 
250 |a 2nd rev. ed 
260 |a Amsterdam :   |a New York :   |a New York, NY, U.S.A. :   |b North-Holland,   |b Sole distributors for the U.S.A. and Canada, Elsevier Science Pub. Co.,   |c 1985 
300 |a x, 522 p.;  |c 23 cm 
490 1 |a North-Holland mathematical library  |v ; 33 
500 |a Includes index 
504 |a Bibliography: p. [496]-516 
650 0 0 |a Topology. 
830 0 |a North-Holland mathematical library ;  |v ; 33 
852 |a INST  |b SAMOS  |e 19941103  |h 514.322 NAG  |p 005300003395  |q 005300003395  |t BK  |y 4  |x 20200312 
852 |a INST  |b SAMOS  |e 19941103  |h 514.322 NAG  |p 005300007911  |q 005300007911  |t BK  |y 0 
909 |a Σ  |b 025636 
909 |a Σ  |b 030213